[Event "Êîìàíäíîå ïåð-âî ÐÔ 2012 ã. ïî êëàññè÷åñêèì øàõìàòàì "]
[Site "Ðûáèíñê"]
[Date "2012.08.07"]
[Round "6.132"]
[White "Ðèâîíåíêî Âëàäèñëàâ "]
[Black "Êðàñîâñêèé Ñâÿòîñëàâ "]
[Result "1-0"]
[WhiteElo "1992"]
[BlackElo "1995"]
[Annotator ""]
[Source ""]
[Remark ""]

1.e4 d6 2.d4 Nf6 3.Nc3 g6 4.Nf3 Bg7 5.Bc4 O-O 6.O-O Nxe4 7.Nxe4
d5 8.Bd3 dxe4 9.Bxe4 Nd7 10.Bf4 c5 11.c3 cxd4 12.cxd4 Nf6 13.Qe2
Qb6 14.Rac1 Nxe4 15.Qxe4 Qxb2 16.Qxe7 Qxa2 17.Rc7 a5 18.Qh4 h5
19.Bd6 Re8 20.Ng5 f6 21.Ne4 Re6 22.Rfc1 Qe2 23.Ng3 Qd2 24.Nf1
Re1 25.Rxe1 Qxe1 26.Be5 Be6 27.Rxg7+ Kxg7 28.Qxf6+ Kh6 29.Qg7+
Kg5 30.h4+ Kf5 31.Qf6+ 1-0

[Event "Êîìàíäíîå ïåð-âî ÐÔ 2012 ã. ïî êëàññè÷åñêèì øàõìàòàì "]
[Site "Ðûáèíñê"]
[Date "2012.08.07"]
[Round "6.133"]
[White "Óôèìöåâ Åãîð "]
[Black "Ãàëèøíèêîâ Þðèé "]
[Result "1-0"]
[WhiteElo "1911"]
[BlackElo "1889"]
[Annotator ""]
[Source ""]
[Remark ""]

1.e4 e6 2.Qe2 c5 3.Nf3 Nc6 4.g3 Be7 5.Bg2 d5 6.d3 Nf6 7.O-O O-O
8.e5 Nd7 9.c4 Nb6 10.Rd1 f6 11.Bf4 fxe5 12.Bxe5 Nxe5 13.Nxe5
Bf6 14.Nd2 Qd6 15.Re1 Nd7 16.f4 g5 17.Qg4 Nxe5 18.fxe5 Bxe5 19.Qxg5+
Bg7 20.cxd5 Rf5 21.Qg4 exd5 22.Re8+ Rf8 23.Rxf8+ Kxf8 24.Qf3+
Ke7 25.Re1+ Kd8 26.Qf7 Bxb2 27.Re8# 1-0

[Event "Êîìàíäíîå ïåð-âî ÐÔ 2012 ã. ïî êëàññè÷åñêèì øàõìàòàì "]
[Site "Ðûáèíñê"]
[Date "2012.08.07"]
[Round "6.134"]
[White "Ïðàíèçèíà Àëèíà "]
[Black "Ìåäâåäåâà Àííà "]
[Result "0-1"]
[WhiteElo "1646"]
[BlackElo "1988"]
[Annotator ""]
[Source ""]
[Remark ""]

1.e4 e5 2.Nf3 Nc6 3.Bb5 Bc5 4.O-O Nf6 5.Nc3 d6 6.d4 exd4 7.Nxd4
Bd7 8.Nxc6 bxc6 9.Bc4 Qe7 10.Bg5 Qe5 11.Bxf6 Qxf6 12.Qd3 O-O
13.Rae1 Be6 14.h3 Rab8 15.Bb3 Qd4 16.Rd1 Qe5 17.Na4 Bb6 18.Nxb6
axb6 19.Bxe6 Qxe6 20.a3 b5 21.Rfe1 Rfe8 22.f3 b4 23.axb4 Rxb4
24.b3 Qe5 25.Qd2 Rb5 26.Qd4 Qg3 27.Qf2 Qxf2+ 28.Kxf2 Rc5 29.Rd2
Ra8 30.f4 Ra2 31.Ree2 Rc3 32.e5 d5 33.f5 Kf8 34.f6 g6 35.Ke1
h6 36.Rf2 Ra1+ 37.Rd1 Re3+ 38.Re2 Rxe2+ 39.Kxe2 Rxd1 40.Kxd1
Ke8 41.Kd2 Kd7 42.Kd3 c5 43.b4 cxb4 44.Kd4 Ke6 45.g3 c6 46.g4
g5 47.Kc5 Kxe5 48.Kxc6 d4 49.Kc5 b3 0-1

[Event "Êîìàíäíîå ïåð-âî ÐÔ 2012 ã. ïî êëàññè÷åñêèì øàõìàòàì "]
[Site "Ðûáèíñê"]
[Date "2012.08.07"]
[Round "6.141"]
[White "Ìàëûøåâ Ãðèãîðèé "]
[Black "Çóáêîâ Âñåâîëîä "]
[Result "1-0"]
[WhiteElo "2003"]
[BlackElo "1928"]
[Annotator ""]
[Source ""]
[Remark ""]

1.d4 d5 2.c4 c6 3.Nf3 e6 4.Nc3 dxc4 5.a4 Bb4 6.e4 b5 7.Be2 Bb7
8.O-O Bxc3 9.bxc3 a6 10.Qc2 Ne7 11.Rd1 Qc7 12.Rb1 Nd7 13.Bg5
Nb6 14.Nd2 Ng6 15.a5 Nd7 16.e5 h6 17.Be3 c5 18.Ne4 Bxe4 19.Qxe4
O-O 20.Bf3 Rab8 21.Qc2 Rfc8 22.Be4 Ndf8 23.f4 cxd4 24.Rxd4 Qxa5
25.Rd6 b4 26.g3 b3 27.Qb2 Rd8 28.Ra1 Qc7 29.Raxa6 Rxd6 30.Rxd6
Qa5 31.Rd1 Nxe5 32.fxe5 Qxe5 33.Rd4 Ra8 34.Bxa8 Qxe3+ 35.Kg2
Ng6 36.Qd2 Qe5 37.Rxc4 Qa5 38.Be4 Ne5 1-0

[Event "Êîìàíäíîå ïåð-âî ÐÔ 2012 ã. ïî êëàññè÷åñêèì øàõìàòàì "]
[Site "Ðûáèíñê"]
[Date "2012.08.07"]
[Round "6.142"]
[White "Ìåëüíèêîâ Ïåòð "]
[Black "Àãàôîíöåâà Ñîôüÿ "]
[Result "1-0"]
[WhiteElo "1878"]
[BlackElo "1618"]
[Annotator ""]
[Source ""]
[Remark ""]

1.e4 c5 2.c3 Nf6 3.e5 Nd5 4.Nf3 Nc6 5.Bc4 Nb6 6.Bb3 e6 7.O-O
d6 8.exd6 Bxd6 9.d4 cxd4 10.Nxd4 O-O 11.Be3 Ne7 12.Nd2 Ng6 13.Ne4
Bb8 14.Qh5 Nf4 15.Bxf4 Bxf4 16.Rad1 Qe7 17.Bc2 f5 18.Ng3 Qf6
19.Rfe1 Kh8 20.Qe2 Bxg3 21.hxg3 Bd7 22.Bb3 Rae8 23.Qe5 Qh6 24.Nxe6
Rf6 25.Rd6 Qh5 26.Qd4 Qf7 27.Re3 Bxe6 28.Bxe6 Qh5 29.Rd8 h6 30.Rxe8+
Qxe8 31.Bxf5 Qf8 32.g4 Kg8 33.Qd3 Rd6 34.Qe2 Rd8 35.Bg6 Nd5 36.Re8
Rxe8 37.Qxe8 Qxe8 38.Bxe8 Nf6 39.Bg6 Nxg4 40.Kf1 Kf8 41.Ke2 Ke7
42.f3 Ne5 43.Be4 b6 44.b3 Kd6 45.Ke3 Ke6 46.Kd4 Nd7 47.b4 Kd6
48.c4 g5 49.g4 a5 50.a3 axb4 51.axb4 Nf6 52.c5+ bxc5+ 53.bxc5+
Ke6 54.Bf5+ Ke7 55.Ke5 Ne8 56.c6 Nc7 57.Bd3 Ne8 58.Kf5 Ng7+ 59.Kg6
Ne6 60.Bf5 Nf4+ 61.Kxh6 1-0

[Event "Êîìàíäíîå ïåð-âî ÐÔ 2012 ã. ïî êëàññè÷åñêèì øàõìàòàì "]
[Site "Ðûáèíñê"]
[Date "2012.08.07"]
[Round "6.144"]
[White "Âëàñîâà Äàðüÿ "]
[Black "Ìàíäðûêèíà Çîÿ "]
[Result "1-0"]
[WhiteElo "1878"]
[BlackElo "1742"]
[Annotator ""]
[Source ""]
[Remark ""]

1.d4 Nf6 2.c4 d6 3.Nc3 Nbd7 4.e4 e5 5.Nf3 Be7 6.Be2 O-O 7.O-O
c6 8.Re1 Qc7 9.Bf1 Re8 10.Qc2 Nf8 11.h3 Bd7 12.Be3 Rac8 13.c5
exd4 14.cxd6 Bxd6 15.Bxd4 Ng6 16.Rad1 Ne5 17.Nd2 Nh5 18.Be3 b5
19.Be2 Nf6 20.f4 Ng6 21.e5 Nxe5 22.fxe5 Bxe5 23.Bf3 c5 24.Nde4
c4 25.Nxf6+ Bxf6 26.Nd5 1-0

[Event "Êîìàíäíîå ïåð-âî ÐÔ 2012 ã. ïî êëàññè÷åñêèì øàõìàòàì "]
[Site "Ðûáèíñê"]
[Date "2012.08.07"]
[Round "6.152"]
[White "Þìøàíîâ Ëåîíèä "]
[Black "Âàñèëüåâ Àðêàäèé "]
[Result "1/2-1/2"]
[WhiteElo "1715"]
[BlackElo "1908"]
[Annotator ""]
[Source ""]
[Remark ""]

1.e4 e5 2.Nf3 Nc6 3.g3 Nf6 4.d3 d5 5.Nbd2 Bc5 6.Bg2 Be6 7.O-O
Qd7 8.c3 a5 9.a4 dxe4 10.dxe4 Rd8 11.Qc2 h5 12.h4 Qd3 13.Qxd3
Rxd3 14.Ng5 Ng4 15.Bf3 Bd7 16.Kg2 f6 17.Nh3 Be6 18.Be2 Rd7 19.Nc4
Ke7 20.f3 Nh6 21.Ne3 Rhd8 22.Bc4 Rd2+ 23.Kh1 Bxe3 24.Bxe6 Kxe6
25.Bxd2 Rxd2 26.Rab1 Bc5 27.Rfd1 Rc2 28.Rdc1 Rxc1+ 29.Rxc1 b6
30.Kg2 Bd6 31.Nf2 Nf7 32.Nd3 Kd7 33.Kf2 Nfd8 34.Rd1 Ke7 35.Ne1
Ne6 36.Nd3 Kf7 37.Ke2 g5 38.Rh1 Kg6 39.Ke3 Nc5 40.Nxc5 Bxc5+
41.Ke2 Bd6 1/2-1/2

[Event "Êîìàíäíîå ïåð-âî ÐÔ 2012 ã. ïî êëàññè÷åñêèì øàõìàòàì "]
[Site "Ðûáèíñê"]
[Date "2012.08.07"]
[Round "6.153"]
[White "Ãèíîñÿí Ðàçìèê "]
[Black "Êîïåíêèí Êèðèëë "]
[Result "0-1"]
[WhiteElo "1976"]
[BlackElo "2015"]
[Annotator ""]
[Source ""]
[Remark ""]

1.e4 d6 2.d4 Nf6 3.Nc3 g6 4.Be3 c6 5.a4 Bg7 6.h3 O-O 7.Nf3 Qc7
8.Be2 e5 9.O-O a5 10.Nd2 Ng4 11.hxg4 exd4 12.Bxd4 Bxd4 13.Nc4
Bc5 14.g5 Be6 15.Qd2 Nd7 16.Kh1 Bxc4 17.Bxc4 Qd8 18.g3 Ne5 19.Be2
Qd7 20.Kg2 Rae8 21.Rh1 f6 22.gxf6 Rxf6 23.f4 Ng4 24.Bxg4 Qxg4
25.Rh4 Qe6 26.Rah1 Re7 27.e5 dxe5 28.Ne4 Rf8 29.Nxc5 Qc4 30.Qe3
Qxc2+ 31.Qf2 Qf5 32.Re1 Ref7 33.Rd1 g5 34.Rh5 exf4 35.Nb3 f3+
36.Kg1 Qg4 37.Rh2 Qxa4 38.Rd3 Qb5 39.Qd4 f2+ 40.Kf1 a4 41.Nc5
b6 42.Nd7 Rf3 43.Nxf8 Rxd3 44.Qg4 Rf3+ 0-1

[Event "Êîìàíäíîå ïåð-âî ÐÔ 2012 ã. ïî êëàññè÷åñêèì øàõìàòàì "]
[Site "Ðûáèíñê"]
[Date "2012.08.07"]
[Round "6.161"]
[White "Ñïèðèäîíîâ Åâãåíèé "]
[Black "Êðîëü Äìèòðèé "]
[Result "1/2-1/2"]
[WhiteElo "1911"]
[BlackElo "1790"]
[Annotator ""]
[Source ""]
[Remark ""]

1.d4 Nf6 2.c4 e6 3.a3 d5 4.e3 c6 5.Nc3 Be7 6.Nf3 O-O 7.Bd3 Nbd7
8.O-O c5 9.cxd5 exd5 10.dxc5 Nxc5 11.b4 Nxd3 12.Qxd3 Be6 13.Rd1
a5 14.b5 Qc7 15.Bb2 Rac8 16.Rac1 Qc4 17.Qxc4 Rxc4 18.Nd2 Rc7
19.Nb3 Rfc8 20.Na4 Rxc1 21.Rxc1 Rxc1+ 22.Bxc1 Bd7 23.Nd4 Ne4
24.Nb6 Be6 25.Na4 Nc5 26.Nxc5 Bxc5 27.Nxe6 fxe6 28.a4 Kf7 29.Kf1
Kf6 30.Ke2 e5 31.Kd3 Kf5 32.Bb2 g6 33.Bc3 b6 34.Bb2 h5 35.h3
Bd6 36.Ba1 e4+ 37.Ke2 Be5 38.Bd4 Bxd4 39.exd4 g5 40.Ke3 Kf6 41.f3
exf3 42.Kxf3 Kf5 43.Ke3 Kf6 1/2-1/2

[Event "Êîìàíäíîå ïåð-âî ÐÔ 2012 ã. ïî êëàññè÷åñêèì øàõìàòàì "]
[Site "Ðûáèíñê"]
[Date "2012.08.07"]
[Round "6.162"]
[White "Äóãèí Àíäðåé "]
[Black "Äîðîíèí Àíäðåé "]
[Result "0-1"]
[WhiteElo "1793"]
[BlackElo "1747"]
[Annotator ""]
[Source ""]
[Remark ""]

1.e4 e5 2.Nf3 Nc6 3.Nc3 d6 4.Bb5 Nge7 5.d4 exd4 6.Nxd4 Bd7 7.Bxc6
Nxc6 8.O-O Be7 9.Nxc6 Bxc6 10.f4 O-O 11.f5 Re8 12.Nd5 Bf6 13.Qd3
Bxd5 14.Qxd5 Rb8 15.a4 Re5 16.Qc4 Qe7 17.Re1 d5 18.Qd3 dxe4 19.Qh3
Bg5 20.Bxg5 Qxg5 21.Qc3 Qe7 22.Qd4 c5 23.Qc4 e3 24.Re2 Rxf5 25.Rd1
Rd8 26.Rxd8+ Qxd8 27.Qd3 Qxd3 28.cxd3 Re5 29.g3 f5 30.Kg2 Kf7
31.Kf3 Kf6 32.g4 g5 33.gxf5 Kxf5 34.Re1 e2 35.Kf2 Kf4 36.a5 b6 0-1

[Event "Êîìàíäíîå ïåð-âî ÐÔ 2012 ã. ïî êëàññè÷åñêèì øàõìàòàì "]
[Site "Ðûáèíñê"]
[Date "2012.08.07"]
[Round "6.163"]
[White "Ñîêîëîâ Íèêèòà "]
[Black "×èñòÿêîâà Äàðüÿ "]
[Result "1/2-1/2"]
[WhiteElo "1684"]
[BlackElo "1643"]
[Annotator ""]
[Source ""]
[Remark ""]

1.d4 Nf6 2.Nf3 c6 3.c4 d5 4.cxd5 cxd5 5.Nc3 g6 6.Bg5 Bg7 7.Qb3
e6 8.e3 Qb6 9.Rc1 O-O 10.Bd3 Nc6 11.O-O Bd7 12.Na4 Qxb3 13.axb3
Nb4 14.Bb1 Rac8 15.Nc5 Bb5 16.Rfd1 b6 17.Nb7 Ba6 18.Nd6 Rcd8
19.e4 h6 20.Bxf6 Bxf6 21.e5 Be7 22.Rc7 Bxd6 23.exd6 Rxd6 24.Rdc1
Rdd8 25.Rxa7 Rc8 26.Rac7 Rxc7 27.Rxc7 Rc8 28.Rxc8+ Bxc8 29.Kf1
Ba6+ 30.Ke1 Kg7 31.Kd2 Nc6 32.Ke3 Kf6 33.g3 e5 34.dxe5+ Nxe5
35.Nxe5 Kxe5 36.f4+ Kd6 37.Kd4 Bb7 38.b4 b5 39.Bd3 Bc6 40.Be2
f5 41.Bd3 h5 42.h3 Be8 43.Be2 Bd7 44.Bf3 Be6 45.b3 Bf7 46.Be2
Be8 47.g4 fxg4 48.hxg4 h4 49.Bf1 Bd7 50.Bh3 Bc8 51.Ke3 Ke7 1/2-1/2

[Event "Êîìàíäíîå ïåð-âî ÐÔ 2012 ã. ïî êëàññè÷åñêèì øàõìàòàì "]
[Site "Ðûáèíñê"]
[Date "2012.08.07"]
[Round "6.181"]
[White "Âåêëè÷ Èãîðü "]
[Black "Ïåòðîâ Àíòîí "]
[Result "1/2-1/2"]
[WhiteElo "1783"]
[BlackElo "1627"]
[Annotator ""]
[Source ""]
[Remark ""]

1.e4 e5 2.Nf3 Nc6 3.Bc4 Bc5 4.c3 Nf6 5.d3 d6 6.Bb3 h6 7.Nbd2
O-O 8.O-O Be6 9.h3 Bxb3 10.Qxb3 Rb8 11.Re1 Re8 12.Nf1 Qd7 13.Ne3
Bb6 14.Nh4 Bxe3 15.fxe3 d5 16.exd5 Nxd5 17.e4 Nf6 18.Rd1 b6 19.Be3
Rbd8 20.Nf5 Ne7 21.Nh4 Nc6 22.Nf5 Ne7 23.Nh4 Nc6 24.Nf5 Ne7 1/2-1/2

[Event "Êîìàíäíîå ïåð-âî ÐÔ 2012 ã. ïî êëàññè÷åñêèì øàõìàòàì "]
[Site "Ðûáèíñê"]
[Date "2012.08.08"]
[Round "7.11"]
[White "Ñòóêîïèí Àíäðåé "]
[Black "Ìàõìóòîâ Ðàèëü "]
[Result "1/2-1/2"]
[WhiteElo "2503"]
[BlackElo "2391"]
[Annotator ""]
[Source ""]
[Remark ""]

1.e4 e6 2.d4 d5 3.Nc3 Nf6 4.Bg5 dxe4 5.Nxe4 Be7 6.Bxf6 gxf6 7.Qd2
b6 8.g3 f5 9.Nc3 Bb7 10.d5 c6 11.dxe6 Qxd2+ 12.Kxd2 fxe6 13.Bg2
Nd7 14.Re1 O-O-O 15.Kc1 Rhe8 16.f4 Bf6 17.Nf3 Bxc3 18.bxc3 c5
19.Rhg1 h6 20.Nd2 Nf6 21.Bxb7+ Kxb7 22.Rg2 Kc7 23.Rge2 Kd7 24.a4
Re7 25.Re3 Rde8 26.Nc4 Ng4 27.Rd3+ Kc6 28.Red1 Kc7 29.R1d2 Rg8
30.Rd6 h5 31.a5 Rb8 32.Na3 Nf6 33.Nb5+ Kb7 34.c4 bxa5 35.Nc3
Rc8 36.R2d3 Rc6 37.Rd8 Rc8 38.Na4 Ne4 39.Rb3+ Kc7 40.Rdd3 Rb8
41.Rxb8 Kxb8 42.Rd8+ Kc7 43.Rh8 Kc6 44.Rxh5 Nd6 45.Nb2 a4 46.Nxa4
Nxc4 47.Rh8 e5 48.Rc8+ Kd5 49.c3 Ke4 50.Rxc5 Kd3 51.fxe5 Nxe5
52.Nb2+ Ke4 53.Ra5 Rh7 54.Ra4+ Ke3 55.Ra5 Ke4 56.Ra4+ Ke3 57.Nd1+
Ke2 58.Ra2+ Ke1 59.Ra5 Nd3+ 60.Kc2 Ke2 61.Nb2 Ne1+ 62.Kb3 Rb7+
63.Ka2 Rf7 64.c4 Nf3 65.h4 Kf2 66.c5 Kxg3 67.Nc4 Nxh4 68.Nd6 1/2-1/2

[Event "Êîìàíäíîå ïåð-âî ÐÔ 2012 ã. ïî êëàññè÷åñêèì øàõìàòàì "]
[Site "Ðûáèíñê"]
[Date "2012.08.08"]
[Round "7.12"]
[White "Ôàéçðàõìàíîâ Ðàìèëü "]
[Black "Òèëè÷ååâ Âÿ÷åñëàâ "]
[Result "0-1"]
[WhiteElo "2291"]
[BlackElo "2416"]
[Annotator ""]
[Source ""]
[Remark ""]

1.d4 Nf6 2.c4 e6 3.Nf3 d5 4.Nc3 c6 5.e3 Nbd7 6.Qc2 Bd6 7.b3 O-O
8.Be2 Qe7 9.Bb2 dxc4 10.bxc4 e5 11.O-O Re8 12.Rfd1 e4 13.Nd2
Nf8 14.Nf1 Ng6 15.Rac1 Ng4 16.Rd2 Qh4 17.g3 Qh3 18.Bxg4 Bxg4
19.f4 exf3 20.Rf2 h5 21.e4 h4 22.gxh4 Nxh4 23.e5 Rxe5 24.dxe5
Bc5 25.Kh1 Bxf2 26.Qxf2 Qg2+ 27.Qxg2 fxg2+ 28.Kg1 Bf3 0-1

[Event "Êîìàíäíîå ïåð-âî ÐÔ 2012 ã. ïî êëàññè÷åñêèì øàõìàòàì "]
[Site "Ðûáèíñê"]
[Date "2012.08.08"]
[Round "7.13"]
[White "Çàñüêî Ãðèãîðèé "]
[Black "Ñàäûêîâ Ðàìèëü "]
[Result "0-1"]
[WhiteElo "2120"]
[BlackElo "2258"]
[Annotator ""]
[Source ""]
[Remark ""]

1.Nf3 f5 2.d3 Nf6 3.e4 d6 4.e5 Ng4 5.Bf4 dxe5 6.Nxe5 Qd4 7.Nxg4
Qxf4 8.Ne3 c6 9.d4 e5 10.dxe5 Qxe5 11.Be2 Be6 12.Nd2 Nd7 13.Ndc4
Qc5 14.O-O O-O-O 15.Nd2 Nf6 16.Qc1 f4 17.Nd1 Bd6 18.Nc3 Bc7 19.Nde4
Nxe4 20.Nxe4 Qe5 21.f3 Bb6+ 22.Kh1 Be3 23.Qb1 g5 24.Rd1 g4 25.Rxd8+
Rxd8 26.Qf1 g3 27.Rd1 Rxd1 28.Bxd1 Qxb2 29.Qd3 Qe5 30.Nd6+ Kb8
31.Nc4 Qd5 32.Nxe3 Qxd3 33.cxd3 fxe3 34.a3 c5 35.Be2 b5 36.hxg3
b4 37.axb4 cxb4 38.Kg1 a5 0-1

[Event "Êîìàíäíîå ïåð-âî ÐÔ 2012 ã. ïî êëàññè÷åñêèì øàõìàòàì "]
[Site "Ðûáèíñê"]
[Date "2012.08.08"]
[Round "7.14"]
[White "Áåëîâà Îëüãà "]
[Black "Ìîðîçîâà Þëèÿ "]
[Result "1-0"]
[WhiteElo "2084"]
[BlackElo "1902"]
[Annotator ""]
[Source ""]
[Remark ""]

1.e4 c5 2.Nf3 e6 3.d4 cxd4 4.Nxd4 Nc6 5.Be3 Qc7 6.Bd3 a6 7.a4
Nf6 8.O-O Ne5 9.Bf4 Bd6 10.Nc3 Nxd3 11.Bxd6 Qxd6 12.Qxd3 b6 13.f4
Qc5 14.e5 Nd5 15.Ne4 Qc7 16.Qa3 Ne7 17.Nd6+ Kf8 18.Qf3 Rb8 19.Ra3
Qc5 20.Qf2 Bb7 21.Rc3 Qd5 22.b4 Nc8 23.Nxb7 Qxb7 24.f5 Ke8 25.fxe6
dxe6 26.Rf3 Ne7 27.Rxf7 Qd5 28.Rxe7+ 1-0

[Event "Êîìàíäíîå ïåð-âî ÐÔ 2012 ã. ïî êëàññè÷åñêèì øàõìàòàì "]
[Site "Ðûáèíñê"]
[Date "2012.08.08"]
[Round "7.21"]
[White "Áóêàâøèí Èâàí"]
[Black "Åëèñååâ Þðèé"]
[Result "0-1"]
[WhiteElo "2498"]
[BlackElo "2480"]
[Annotator ""]
[Source ""]
[Remark ""]

1.d4 d5 2.c4 dxc4 3.Nf3 Nf6 4.e3 e6 5.Bxc4 c5 6.O-O a6 7.dxc5
Qxd1 8.Rxd1 Bxc5 9.Be2 Nbd7 10.Nbd2 b6 11.Nc4 Bb7 12.Nd4 O-O
13.Nb3 Be7 14.f3 a5 15.e4 a4 16.Nd4 Ba6 17.Be3 Rfc8 18.Rac1 g6
19.Na3 Bc5 20.Kf2 Kf8 21.Ndb5 Ke7 22.Nb1 Bb7 23.N1c3 Ne5 24.Bd4
g5 25.Ke3 Nfd7 26.g3 Bb4 27.a3 Bc5 28.f4 gxf4+ 29.gxf4 Ng6 30.Bxc5+
Rxc5 31.Rd4 Nf6 32.Rb4 e5 33.fxe5 Nxe4 34.Rxe4 Bxe4 35.Kxe4 Rxe5+
36.Kf3 Rg8 37.Kf2 Nh4 38.Bf3 Rg6 39.Rd1 Rf6 40.Nd4 Kf8 41.Rd3
Ng6 42.Nde2 Rh5 43.Kg1 Rg5+ 44.Bg2 Ne5 45.Rg3 Rgf5 46.Nd4 Rh5
47.Nd5 Rd6 48.Nb5 Rdh6 49.h3 Nc4 50.b3 axb3 51.Rxb3 Rg5 52.Rc3
Ne5 53.Nd4 Rd6 54.h4 Rxd5 55.hxg5 Rxd4 56.Rb3 Rd6 57.Be4 Kg7
58.Kf2 Nc4 59.Rh3 h6 60.gxh6+ Rxh6 61.Rg3+ Kf8 62.Rc3 Nd6 63.Bd3
Ke7 64.Rc7+ Ke6 65.a4 Kd5 66.Bc2 Kd4 67.Rc6 Re6 68.Kf3 Nc4 69.Rc7
Rf6+ 70.Ke2 Kc3 71.Be4 Rd6 72.Bb7 Re6+ 73.Kf2 Rf6+ 74.Ke2 Re6+
75.Kf2 Rf6+ 76.Ke2 Kb4 77.Bd5 Ne5 78.Ke3 Rf1 79.Ke2 Rf5 80.Ke3
f6 81.Rb7 Kc5 82.Be4 Rf1 83.Rc7+ Kb4 84.Ra7 Ng4+ 85.Ke2 Rf2+
86.Kd3 f5 87.Ba8 Ra2 88.Ra6 Ra3+ 89.Ke2 Kc5 90.Ra7 Ne5 91.Re7
Kd4 92.Re6 Ra2+ 93.Kd1 Rxa4 94.Rd6+ Ke3 95.Bb7 Rd4+ 96.Rxd4 Kxd4
97.Ke2 b5 98.Bc8 f4 99.Be6 Kc3 0-1

[Event "Êîìàíäíîå ïåð-âî ÐÔ 2012 ã. ïî êëàññè÷åñêèì øàõìàòàì "]
[Site "Ðûáèíñê"]
[Date "2012.08.08"]
[Round "7.22"]
[White "Âàâóëèí Ìàêñèì"]
[Black "Ïðåäêå Àëåêñàíäð"]
[Result "0-1"]
[WhiteElo "2292"]
[BlackElo "2475"]
[Annotator ""]
[Source ""]
[Remark ""]

1.e4 e5 2.Nf3 Nc6 3.Bb5 a6 4.Ba4 Nf6 5.O-O Be7 6.Re1 b5 7.Bb3
d6 8.c3 O-O 9.h3 Na5 10.Bc2 c5 11.d4 Qc7 12.Nbd2 Rd8 13.Nf1 cxd4
14.cxd4 exd4 15.Nxd4 d5 16.e5 Ne4 17.Bf4 Bc5 18.f3 Nc4 19.fxe4
Nxb2 20.Qe2 Bxd4+ 21.Kh1 Be6 22.exd5 Bxd5 23.Nh2 Qc4 24.Qxc4
Bxc4 25.Nf3 Bc3 26.Rec1 b4 27.Rg1 Nd3 28.Bxd3 Rxd3 29.Rad1 Rxd1
30.Rxd1 Bxa2 0-1

[Event "Êîìàíäíîå ïåð-âî ÐÔ 2012 ã. ïî êëàññè÷åñêèì øàõìàòàì "]
[Site "Ðûáèíñê"]
[Date "2012.08.08"]
[Round "7.23"]
[White "Ñàíæàåâ Äàðñåí"]
[Black "Ñàâåíêîâ Êîíñòàíòèí"]
[Result "1/2-1/2"]
[WhiteElo "2335"]
[BlackElo "2162"]
[Annotator ""]
[Source ""]
[Remark ""]

1.d4 e6 2.c4 Nf6 3.Nc3 Bb4 4.e3 c5 5.Nge2 cxd4 6.exd4 d5 7.a3
Be7 8.Nf4 O-O 9.Be3 Nc6 10.h3 dxc4 11.Bxc4 e5 12.dxe5 Nxe5 13.Be2
b6 14.O-O Bb7 15.Qb3 Ng6 16.Rfd1 Qc8 17.Ncd5 Bd8 18.Nxf6+ Bxf6
19.Nd5 Be5 20.Rac1 Qb8 21.Bf3 Kh8 22.Bh5 Bh2+ 23.Kh1 Nf4 24.Bf3
Nxd5 25.Bxd5 Be5 26.Bxb7 Qxb7 27.Rc5 Bf6 28.Rdc1 Kg8 29.Rc7 Qe4
30.Rd7 Qf5 31.Rcd1 h6 32.a4 Qe5 33.Bd4 Qf5 34.Rd5 Qe6 35.Qf3
Bxd4 36.R1xd4 Rac8 37.Rf5 Rc4 38.Rdf4 Rxf4 39.Qxf4 Rd8 40.b4
Rd4 41.Qxd4 Qxf5 42.b5 g6 43.Kh2 h5 44.h4 Qc2 45.Kg3 Qb3+ 46.Kf4
Qe6 47.f3 Qf5+ 48.Ke3 Qc2 49.Qd8+ Kg7 50.Qd4+ Kg8 51.g3 Qc1+
52.Ke4 Qe1+ 53.Kf4 Qc1+ 54.Qe3 Qc7+ 55.Qe5 Qc1+ 56.Qe3 Qc7+ 1/2-1/2

[Event "Êîìàíäíîå ïåð-âî ÐÔ 2012 ã. ïî êëàññè÷åñêèì øàõìàòàì "]
[Site "Ðûáèíñê"]
[Date "2012.08.08"]
[Round "7.24"]
[White "Ñåâåðèíà Ìàðèÿ"]
[Black "Ìèðçàåâà Ãóëüíàðà"]
[Result "1-0"]
[WhiteElo "2158"]
[BlackElo "1776"]
[Annotator ""]
[Source ""]
[Remark ""]

1.Nf3 Nf6 2.c4 e6 3.b3 d5 4.Bb2 c5 5.e3 Nbd7 6.Be2 b6 7.O-O Bb7
8.d4 Rc8 9.Nc3 Be7 10.dxc5 dxc4 11.cxb6 Nxb6 12.Qxd8+ Bxd8 13.Nb5
Be7 14.Nxa7 Ra8 15.Nb5 Rc8 16.Bd4 Nfd7 17.bxc4 Nxc4 18.Na7 Bxf3
19.gxf3 Rc7 20.Rfc1 e5 21.Bxc4 exd4 22.Bxf7+ Kxf7 23.Rxc7 Ne5
24.exd4 Nxf3+ 25.Kg2 Nxd4 26.Nc8 Nf5 27.Nxe7 Nxe7 28.Re1 1-0

[Event "Êîìàíäíîå ïåð-âî ÐÔ 2012 ã. ïî êëàññè÷åñêèì øàõìàòàì "]
[Site "Ðûáèíñê"]
[Date "2012.08.08"]
[Round "7.31"]
[White "Ïàñèåâ Ðàõèì"]
[Black "Þôôà Äàíèèë"]
[Result "1/2-1/2"]
[WhiteElo "2325"]
[BlackElo "2354"]
[Annotator ""]
[Source ""]
[Remark ""]

1.e4 c5 2.Nc3 d6 3.f4 Nc6 4.Nf3 g6 5.Bc4 e6 6.d3 Nge7 7.O-O Bg7
8.Qe1 O-O 9.f5 d5 10.Bb3 Nd4 11.Nxd4 Bxd4+ 12.Kh1 c4 13.dxc4
dxe4 14.f6 Nf5 15.Nxe4 b6 16.Bg5 Bb7 17.Rd1 Qc7 18.Ng3 Qc6 19.Rd2
Bxb2 20.Nxf5 exf5 21.Qh4 h6 22.Qxh6 Bxf6 23.Bxf6 Qxf6 24.c5 Rad8
25.cxb6 axb6 26.Rfd1 Rxd2 27.Qxd2 Kg7 28.Kg1 Re8 29.c3 Re4 30.Re1
Rxe1+ 31.Qxe1 Qg5 32.g3 Be4 33.h4 Qg4 34.Qe3 Qh3 35.Kf2 f6 36.Qf4
Qg2+ 37.Ke3 Qg1+ 38.Ke2 Qg2+ 39.Ke3 Qg1+ 40.Ke2 Qg2+ 1/2-1/2

[Event "Êîìàíäíîå ïåð-âî ÐÔ 2012 ã. ïî êëàññè÷åñêèì øàõìàòàì "]
[Site "Ðûáèíñê"]
[Date "2012.08.08"]
[Round "7.32"]
[White "Êîòëÿð Êèðèëë"]
[Black "Êîð÷ìàðü Âàñèëèé"]
[Result "1-0"]
[WhiteElo "2292"]
[BlackElo "2234"]
[Annotator ""]
[Source ""]
[Remark ""]

1.d4 d5 2.c4 c6 3.Nf3 Nf6 4.e3 Bg4 5.h3 Bh5 6.Nc3 e6 7.Qb3 Qb6
8.Nh4 Nbd7 9.g4 Bg6 10.Nxg6 hxg6 11.Bg2 Qa6 12.cxd5 Nxd5 13.e4
Nxc3 14.bxc3 Bd6 15.Rb1 Rb8 16.Be3 O-O 17.f4 c5 18.Kf2 b5 19.Rhd1
b4 20.Bf1 Qa5 21.dxc5 bxc3 22.Qc4 Rxb1 23.Rxb1 Bxc5 24.Bxc5 Qxc5+
25.Qxc5 Nxc5 26.Ke3 Rd8 27.Rc1 Na4 28.Bb5 Nb2 29.Be2 Rc8 30.Rc2
g5 31.fxg5 e5 32.h4 Rc5 33.h5 Kh7 34.Rc1 Rc6 35.Bb5 Rc5 36.Be8
Kg8 37.Rf1 Nc4+ 38.Kd3 Nd6 39.Ba4 Rc4 40.Bb3 Rd4+ 41.Kxc3 Nxe4+
42.Kb2 Nxg5 43.Rf5 Rxg4 44.Rxe5 Kh7 45.Re8 Ne6 46.Re7 Rg2+ 47.Ka3
Ng5 48.Rxa7 Kh6 49.Kb4 f5 50.a4 f4 51.Ra8 Kxh5 52.a5 Rd2 53.a6
f3 54.Rh8+ Kg4 55.a7 f2 56.Rf8 Rd4+ 57.Kc3 Rd8 58.Rxd8 f1Q 59.Bd1+
Nf3 60.a8Q Qe1+ 61.Kb2 Qb4+ 62.Bb3 1-0

[Event "Êîìàíäíîå ïåð-âî ÐÔ 2012 ã. ïî êëàññè÷åñêèì øàõìàòàì "]
[Site "Ðûáèíñê"]
[Date "2012.08.08"]
[Round "7.33"]
[White "Åðàìÿí Ãàìëåò"]
[Black "Ïîïîâ Ìèõàèë"]
[Result "0-1"]
[WhiteElo "2070"]
[BlackElo "2186"]
[Annotator ""]
[Source ""]
[Remark ""]

1.d4 d5 2.Nf3 c6 3.g3 Nf6 4.Bg2 Bf5 5.O-O e6 6.c4 Nbd7 7.cxd5
exd5 8.Nc3 h6 9.Bf4 Be7 10.Re1 O-O 11.Rc1 Re8 12.h4 Nf8 13.Qb3
Qb6 14.Qxb6 axb6 15.a3 Ne6 16.Bd2 Ne4 17.e3 Nd6 18.Bf1 g5 19.hxg5
hxg5 20.Nh2 Bg6 21.f3 Kg7 22.Na2 Nf5 23.g4 Nh4 24.Bg2 Bd6 25.Bb4
Bg3 26.Red1 Rh8 27.Nf1 Bc7 28.Be1 f5 29.Bg3 f4 30.Bf2 Raf8 31.Re1
fxe3 32.Rxe3 Nf4 33.Bh1 Nh3# 0-1

[Event "Êîìàíäíîå ïåð-âî ÐÔ 2012 ã. ïî êëàññè÷åñêèì øàõìàòàì "]
[Site "Ðûáèíñê"]
[Date "2012.08.08"]
[Round "7.34"]
[White "Ñàçîíîâà Àíàñòàñèÿ"]
[Black "Òîìíèêîâà Ëèäèÿ"]
[Result "1-0"]
[WhiteElo "1993"]
[BlackElo "2068"]
[Annotator ""]
[Source ""]
[Remark ""]

1.e4 e5 2.Nf3 Nc6 3.Nc3 Nf6 4.d4 exd4 5.Nxd4 Bb4 6.Nxc6 bxc6
7.Bd3 d5 8.exd5 cxd5 9.O-O O-O 10.h3 c6 11.Qf3 Rb8 12.Bf4 Bd6
13.b3 Bxf4 14.Qxf4 Be6 15.Rad1 Qa5 16.Ne2 c5 17.Ng3 Rb7 18.Ra1
Re8 19.Rfe1 Qc3 20.Ne2 Qa5 21.Ng3 Qc3 22.Ne2 Qb4 23.Qxb4 Rxb4
24.Ng3 g6 25.Rad1 a5 26.Re5 a4 27.Bf1 axb3 28.axb3 h5 29.Ra1
h4 30.Ne2 Ne4 31.Nf4 Kg7 32.Nxd5 Rd4 33.Nc7 Re7 34.Nxe6+ Rxe6
35.Rxe6 fxe6 36.Re1 Kf6 37.Bd3 Nd6 38.f3 c4 39.bxc4 Nxc4 40.Bxc4
Rxc4 41.Re2 Kf5 42.Kf2 Rc3 43.Ke1 g5 44.Kd2 Ra3 45.c3 e5 46.Kd3
Ra7 47.Re4 Ra2 48.Rg4 Ra7 49.Kc4 Ra4+ 50.Kd5 Rxg4 51.fxg4+ Kf4
52.c4 e4 53.Kd4 Kg3 54.c5 Kxg2 55.c6 Kxh3 56.c7 Kg2 57.c8Q h3
58.Qc2+ Kg1 59.Qxe4 h2 60.Ke5 1-0

[Event "Êîìàíäíîå ïåð-âî ÐÔ 2012 ã. ïî êëàññè÷åñêèì øàõìàòàì "]
[Site "Ðûáèíñê"]
[Date "2012.08.08"]
[Round "7.41"]
[White "Ôåäîñååâ Âëàäèìèð"]
[Black "Ñàâèöêèé Ñåðãåé"]
[Result "0-1"]
[WhiteElo "2498"]
[BlackElo "2368"]
[Annotator ""]
[Source ""]
[Remark ""]

1.d4 Nf6 2.c4 g6 3.g3 Bg7 4.Bg2 O-O 5.Nc3 d6 6.Nf3 Nc6 7.O-O
a6 8.b3 Rb8 9.Nd5 Nh5 10.Bb2 e6 11.Nc3 f5 12.d5 Ne5 13.Nxe5 Bxe5
14.e3 b5 15.cxb5 axb5 16.b4 Bg7 17.dxe6 Bxe6 18.Qc2 Nf6 19.Ne2
Bc4 20.Rfd1 Qd7 21.Nd4 Qf7 22.Nc6 Rbe8 23.Na5 Bd5 24.Bxd5 Nxd5
25.Bxg7 Kxg7 26.Qc6 Nf6 27.Qxb5 Rb8 28.Qa4 g5 29.Rac1 Kh8 30.Qb3
Qh5 31.Rxc7 Rxb4 32.Qd3 Ng4 33.Qc3+ Ne5 34.Rc1 f4 35.exf4 gxf4
36.Rc8 Rxc8 37.Qxc8+ Kg7 38.Qc7+ Kg8 39.Qd8+ Kg7 40.Qe7+ Nf7
41.Nc6 Rc4 42.Rxc4 Qd1+ 43.Kg2 f3+ 44.Kh3 Qf1+ 45.Kh4 Qxc4+ 46.g4
Qxc6 47.Qa7 Qc5 0-1

[Event "Êîìàíäíîå ïåð-âî ÐÔ 2012 ã. ïî êëàññè÷åñêèì øàõìàòàì "]
[Site "Ðûáèíñê"]
[Date "2012.08.08"]
[Round "7.42"]
[White "Ïðàíèçèí Ãåííàäèé"]
[Black "×èãàåâ Ìàêñèì"]
[Result "1/2-1/2"]
[WhiteElo "2153"]
[BlackElo "2462"]
[Annotator ""]
[Source ""]
[Remark ""]

1.e4 c5 2.Nc3 Nc6 3.g3 g6 4.Bg2 Bg7 5.f4 d6 6.Nf3 e6 7.O-O Nge7
8.d3 O-O 9.Nh4 Rb8 10.Be3 Nd4 11.Qd2 Bd7 12.Nd1 f5 13.c3 Ndc6
14.Nf2 b6 15.d4 cxd4 16.cxd4 fxe4 17.Nxe4 d5 18.Nf2 Nc8 19.Nf3
Nd6 20.Ne5 Nxe5 21.fxe5 Nc4 22.Qc1 Nxe3 23.Qxe3 Bb5 24.Rfe1 Qe7
25.a4 Bd7 26.Rf1 a5 27.b3 Rbc8 28.Ng4 Rf5 29.Rac1 Rcf8 30.Rxf5
gxf5 31.Nf2 Rc8 32.Rxc8+ Bxc8 33.Qc3 Bb7 34.Bf1 Qd7 35.Bb5 Qc8
36.Qxc8+ Bxc8 37.Nd3 Bh6 38.Nf4 Kf7 39.Kg2 Bf8 40.Kf3 Be7 1/2-1/2